000 01563nam a2200361Ia 4500
001 ebr10678755
003 CaPaEBR
006 m u
007 cr cn|||||||||
008 121026s2012 cau sb 000 0 eng d
010 _z 2012043907
020 _z9780833077851 (pbk. : alk. paper)
020 _z9780833078247
040 _aCaPaEBR
_cCaPaEBR
035 _a(OCoLC)815758382
043 _an-us---
050 1 4 _aU408.3
_b.S27 2012eb
082 0 4 _a375.0002/1873
_223
100 1 _aSaavedra, Anna Rosefsky.
245 1 0 _aImplementation of the Common Core State Standards
_h[electronic resource] :
_brecommendations for the Department of Defense Education Activity Schools /
_cAnna Rosefsky Saavedra, Jennifer L. Steele.
260 _aSanta Monica, Calif. :
_bRAND, National Defense Research Institute,
_c2012.
300 _aix, 27 p.
490 1 _aOccasional paper ;
_vOP-384-OSD
504 _aIncludes bibliographical references (p. 23-27).
533 _aElectronic reproduction.
_bPalo Alto, Calif. :
_cebrary,
_d2013.
_nAvailable via World Wide Web.
_nAccess may be limited to ebrary affiliated libraries.
610 2 0 _aUnited States.
_bDept. of Defense Education Activity.
650 0 _aMilitary post schools, American
_xStandards.
655 7 _aElectronic books.
_2local
700 1 _aSteele, Jennifer L.
710 2 _aebrary, Inc.
830 0 _aOccasional paper (Rand Corporation) ;
_vOP-384-OSD.
856 4 0 _uhttp://site.ebrary.com/lib/rucke/Doc?id=10678755
_zAn electronic book accessible through the World Wide Web; click to view
999 _c59909
_d59909